| 000 | 00413nam a2200133Ia 4500 | ||
|---|---|---|---|
| 008 | 220217s9999||||xx |||||||||||||| ||und|| | ||
| 020 | _a978-81-317-0492-0 | ||
| 082 | _a621.3822 OPP | ||
| 100 | _aOppenheim, Alan, V Schafer, Ronald, W and Buck, John, R | ||
| 245 | 0 | _aDiscrete time signal processing | |
| 260 |
_aPearson education of asia _bNew Delhi _c2007 |
||
| 300 | _b325 | ||
| 650 | _aTELECOMMUNICATION | ||
| 999 |
_c177367 _d177367 |
||